书目信息 |
| 题名: |
AutoCAD 2009中文版建筑电气工程制图实例精解
|
|
| 作者: | 杨萍 , 刘钰婷 , 陈洪 编著 | |
| 分册: | ||
| 出版信息: | 北京 人民邮电出版社 2009.09 |
|
| 页数: | 180页 | |
| 开本: | 27cm | |
| 丛书名: | ||
| 单 册: | ||
| 中图分类: | TU85 | |
| 科图分类: | ||
| 主题词: | 房屋建筑设备--Fang Wu Jian Zhu She Bei--电气设备--计算机辅助设计--应用软件 | |
| 电子资源: | ||
| ISBN: | 978-7-115-20985-6 | |
| 000 | 01340nam0 2200265 450 | |
| 001 | 0011216881 | |
| 005 | 20100608120638.12 | |
| 010 | @a978-7-115-20985-6@dCNY28.00 (含光盘) | |
| 010 | @a978-7-89479-681-3@b光盘 | |
| 100 | @a20100515d2009 em y0chiy0110 ea | |
| 101 | 0 | @achi |
| 102 | @aCN@b110000 | |
| 105 | @aa z 000yy | |
| 200 | 1 | @aAutoCAD 2009中文版建筑电气工程制图实例精解@AAutoCAD 2009 zhong wen ban jian zhu dian qi gong cheng zhi tu shi li jing jie@f杨萍, 刘钰婷, 陈洪编著@Fyang ping,liu yu ting,chen hong bian zhu |
| 210 | @a北京@c人民邮电出版社@d2009.09 | |
| 215 | @a180页@c图@d27cm@e光盘1片 | |
| 330 | @aAutoCAD容易掌握,使用方便,广泛应用于建筑、机械、轻工等行业。本书主要讲述AutoCAD 2009在绘制电气施工图中的运用。本书采用理论与实践相结合的方法,系统地介绍了使用AutoCAD 2009进行建筑电气工程制图的方法,循序渐进地介绍了AutoCAD 2009的基本操作、二维图形创建与编辑、文字和标注、图案填充、绘制标准图形以及绘制电气施工图等。并且书中辅以大量的典型实例进行讲解,通过详细的操作步骤,读者能够轻松地学习和掌握AutoCAD 2009。 | |
| 606 | 0 | @a房屋建筑设备@AFang Wu Jian Zhu She Bei@x电气设备@x计算机辅助设计@x应用软件 |
| 610 | 0 | @aAutoCAD 2009 |
| 690 | @aTU85@v4 | |
| 701 | 0 | @a杨萍@Ayang ping@4编著 |
| 701 | 0 | @a刘钰婷@Aliu yu ting@4编著 |
| 701 | 0 | @a陈洪@Achen hong@4编著 |
| 801 | 0 | @aCN@c20100515 |
| 905 | @dTU85@eY242@f3 | |
| AutoCAD 2009中文版建筑电气工程制图实例精解/杨萍, 刘钰婷, 陈洪编著.-北京:人民邮电出版社,2009.09 |
| 180页:图;27cm+光盘1片 |
| ISBN 978-7-115-20985-6:CNY28.00 (含光盘) |
| AutoCAD容易掌握,使用方便,广泛应用于建筑、机械、轻工等行业。本书主要讲述AutoCAD 2009在绘制电气施工图中的运用。本书采用理论与实践相结合的方法,系统地介绍了使用AutoCAD 2009进行建筑电气工程制图的方法,循序渐进地介绍了AutoCAD 2009的基本操作、二维图形创建与编辑、文字和标注、图案填充、绘制标准图形以及绘制电气施工图等。并且书中辅以大量的典型实例进行讲解,通过详细的操作步骤,读者能够轻松地学习和掌握AutoCAD 2009。 |
| ● |
| 相关链接 |
|
|
|
正题名:AutoCAD 2009中文版建筑电气工程制图实例精
索取号:TU85/Y242
 
预约/预借
| 序号 | 登录号 | 条形码 | 馆藏地/架位号 | 状态 | 备注 |